ბათუმის შოთა რუსთაველის სახელმწიფო უნივერსიტეტის ბიბლიოთეკა

Справочник по элементам волноводной техники. (ბიბ.ჩანაწერი № 50891)

000 -LEADER
fixed length control field 00679nam a2200205Ia 4500
001 - CONTROL NUMBER
control field 17846
003 - CONTROL NUMBER IDENTIFIER
control field GE_BSU
008 - FIXED-LENGTH DATA ELEMENTS--GENERAL INFORMATION
fixed length control field 181216s||||||||xx |||||||||||||| ||und||
040 ## - CATALOGING SOURCE
Transcribing agency GE_BSU
080 ## - UNIVERSAL DECIMAL CLASSIFICATION NUMBER
Universal Decimal Classification number 621.372.8(035)
100 ## - MAIN ENTRY--PERSONAL NAME
Personal name Фельдштеин,А.Л. Явич,Л.Р. Смирнов,В.П.
245 ## - TITLE STATEMENT
Title Справочник по элементам волноводной техники.
245 ## - TITLE STATEMENT
Statement of responsibility, etc. Ред. Р.И.Перец.
260 ## - PUBLICATION, DISTRIBUTION, ETC.
Place of publication, distribution, etc. М.
260 ## - PUBLICATION, DISTRIBUTION, ETC.
Name of publisher, distributor, etc. Госэнергоиздат.
260 ## - PUBLICATION, DISTRIBUTION, ETC.
Date of publication, distribution, etc. 1963.
300 ## - PHYSICAL DESCRIPTION
Extent 360 стр. с илл. 20 см.
653 ## - INDEX TERM--UNCONTROLLED
Uncontrolled term Справочник по элементам волноводной техники.
942 ## - ADDED ENTRY ELEMENTS (KOHA)
Koha item type წიგნი
ეგზემპლარები
Withdrawn status Lost status Damaged status Not for loan Date acquired Barcode Date last seen Price effective from Koha item type
        2018-12-17 10367 2018-12-17 2018-12-17 წიგნი